Pengembaraan manis di bumi Kedah
| Main Author: | |
|---|---|
| Format: | Book |
| Published: |
Selangor :
Penerbit Enam ,
2019
|
| Series: | Siri memperkukuh penguasaan bahasa melayu
|
| Subjects: |
MARC
| LEADER | 00000cam a2200000 7i4500 | ||
|---|---|---|---|
| 001 | 0000237461 | ||
| 005 | 20191226150532.0 | ||
| 020 | |a 9789670972350 | ||
| 090 | 0 | 0 | |a JF |b NOR |
| 100 | 0 | |a Nornasrifah, Mohd Nor | |
| 245 | 1 | 0 | |a Pengembaraan manis di bumi Kedah |c Nornasrifah Mohd Nor |
| 260 | |a Selangor : |b Penerbit Enam , |c 2019 | ||
| 300 | |a 48p. : |b ill. ; |c 22cm. | ||
| 490 | 0 | |a Siri memperkukuh penguasaan bahasa melayu | |
| 650 | 0 | |a Children's stories, Malay | |
| 999 | |a 00372995 |b BUKU |c PINJAMAN |e MOBILE LIBRARY PKPJ | ||